Central Library OPAC University of Rajshahi

International law : cases and materials / (Record no. 4117)

MARC details
000 -LEADER
fixed length control field 00764cam a2200253 4500
001 - CONTROL NUMBER
control field 4117
003 - CONTROL NUMBER IDENTIFIER
rucl marc code BD-RjUL
005 - DATE AND TIME OF LATEST TRANSACTION
control field 20211208233833.0
008 - FIXED-LENGTH DATA ELEMENTS--GENERAL INFORMATION
fixed length control field 131221s1962 mau b 001 0 eng
035 ## - SYSTEM CONTROL NUMBER
System control number (BD-RjUL)4151
040 ## - CATALOGING SOURCE
Original cataloging agency DLC
Transcribing agency DLC
Modifying agency DLC
Language of cataloging eng
041 ## - LANGUAGE CODE
Language code of text/sound track or separate title eng
082 00 - DEWEY DECIMAL CLASSIFICATION NUMBER
Classification number 341.0268
Author mark and year BII
100 1# - MAIN ENTRY--PERSONAL NAME
Personal name Bishop, William W.
Fuller form of name (William Warner),
Dates associated with a name 1906-
9 (RLIN) 13079
245 10 - TITLE STATEMENT
Title International law : cases and materials /
Statement of responsibility, etc. [by] William W. Bishop, Jr.
250 ## - EDITION STATEMENT
Edition statement 3d ed.
260 ## - PUBLICATION, DISTRIBUTION, ETC. (IMPRINT)
Place of publication, distribution, etc. Boston :
Name of publisher, distributor, etc. Little, Brown ,
Date of publication, distribution, etc. c1963.
300 ## - PHYSICAL DESCRIPTION
Pagination xlvi, 1122 p. ;
Size 25 cm.
490 0# - SERIES STATEMENT
Series statement Law school casebook series
504 ## - BIBLIOGRAPHY, ETC. NOTE
Bibliography, etc Includes bibliographical references and index.
650 #0 - SUBJECT ADDED ENTRY--TOPICAL TERM
Topical term or geographic name as entry element International law
General subdivision Cases.
9 (RLIN) 13080
942 ## - ADDED ENTRY ELEMENTS (KOHA)
Source of classification or shelving scheme Dewey Decimal Classification
Koha item type Books
Holdings
Lost status Source of classification or shelving scheme Damaged status Not for loan Collection code Permanent Location Current Location Shelving location Date acquired Source of acquisition Cost, normal purchase price Total Checkouts Full call number Date last seen Copy number Koha item type Date checked out
  Dewey Decimal Classification   Not For Loan Non-fiction Central Library, University of Rajshahi Central Library, University of Rajshahi Reading Room 22/09/1972 Zeitlinger 5.90   341.0268 BII 1962 21/12/2013 C-1 Books  
  Dewey Decimal Classification     Non-fiction Central Library, University of Rajshahi Central Library, University of Rajshahi   21/09/1972 Zeitlinger 5.90 1 341.0268 BII 1962 16/01/2023 C-2 Books 26/12/2022